Score 0/18 Timer 04:00
0 Plays Today
Airport % Correct
Los Angeles International
96%
O'Hare International
94.1%
John F. Kennedy International
94%
Hartsfield-Jackson Atlanta International
89.8%
Dallas-Fort Worth International
89.1%
Miami International
85.5%
George Bush Intercontinental
82%
San Francisco International
80.1%
Seattle-Tacoma International
77.2%
Airport % Correct
Denver International
76.3%
Newark Liberty International
73.2%
Detroit Metropolitan Wayne County
73.2%
Phoenix Sky Harbor International
72.3%
Orlando International
70.9%
Philadelphia International
70.4%
McCarran International
67.2%
Minneapolis-Saint Paul International
64.3%
Charlotte Douglas International
57%
Remove Ads.
Support Sporcle.
Get the best of Sporcle when you Go Orange. This ad-free experience offers more features, more stats, and more fun while also helping to support Sporcle. Thank you for becoming a member.

You're not logged in!

Compare scores with friends on all Sporcle quizzes.
OR
Log In

Show Comments

Extras

Created Oct 5, 2009SourceReportNominate
Tags:2008, airport, Passenger

Top Quizzes Today


Score Distribution

Your Account Isn't Verified!

In order to create a playlist on Sporcle, you need to verify the email address you used during registration. Go to your Sporcle Settings to finish the process.

Report this User

Report this user for behavior that violates our Community Guidelines.

Details: